000 00813nam a2200265 i 4500
001 42565
003 ES-MaACL
005 20250808070307.0
007 t|
008 030407s2002 sp b |||| |bspa d
020 _a84-344-6658-9
080 _a929 Richelieu, Armand Jean Du Plessis, duc de
080 _a94(44)"1610/43"
100 1 _aLevi, Anthony.
_971945
245 1 0 _aCardenal Richelieu /
_cAnthony Levi.
250 _a1ª ed.
260 _aBarcelona :
_bAriel,
_c2002.
300 _a333 p. :
_bmapas ;
_c23 cm.
490 1 _aBiografías Ariel
600 1 4 _aRichelieu, Armand Jean du Plessis,
_cduc de,
_d1585-1642
_996947
651 4 _aFrancia-
_xHistoria-
_y1610-1643, Luis XIII.
_9161635
830 0 _aBiografías Ariel
_9180667
852 _aES-MaACL
_jL-26141
999 _c42565
_d42565